000 00834nam a2200253 a 4500
001 BRL_517
005 20190320210759.0
008 270813s1999----mx-a######---#000-0#spa-#
020 _a9687009918
041 _aspa
044 _amx
050 4 _aNA7515.M4
_b.C37 1999
245 1 0 _aCasas señoriales del Banco Nacional de México
_cClara Bargellini ... [et. al.].
260 _aMéxico
_bGrupo Financiero Banamex-Accival : Fomento Cultural Banamex
_c1999
300 _a254 p.
_bil.
_c33 cm.
500 _aAu571
504 _aBibliografía : p. 245-249
610 2 4 _aBanco Nacional de México
_93603
650 1 4 _aMansiones
_xRemodelación para otros usos
_zMéxico
_95607
650 1 4 _aArquitectura colonial
_xConservación y restauración
_zMéxico
_95608
700 1 _aBargellini, Clara
_92612
902 _aGRL
942 _2lcc
_cB
999 _c9329
_d9329